[Event "Muensterland Verbandsliga playoff 5-8"]
[Site "Germany"]
[Date "2023.03.25"]
[Round "1.7"]
[White "Woltering, Martin"]
[Black "Hormann, Daniel"]
[Result "1-0"]
[WhiteElo "1766"]
[BlackElo "1544"]
[PlyCount "59"]
[EventDate "2022.03.25"]
[EventType "team-k.o."]
[EventRounds "2"]
[EventCountry "GER"]
[SourceTitle "EXT 2024"]
[Source "ChessBase"]
[SourceDate "2023.10.10"]
[SourceVersion "1"]
[SourceVersionDate "2023.10.10"]
[SourceQuality "1"]
[WhiteTeam "Ahaus Wessum"]
[BlackTeam "Nienberge II"]
[WhiteTeamCountry "GER"]
[BlackTeamCountry "GER"]

1. e4 d6 2. d4 Nf6 3. Nc3 g6 4. f4 Bg7 5. Nf3 0-0 6. Bd3 a6 7. 0-0 Nc6 8. Ne2 Nb4 9. h3 Nxd3 10. Qxd3 c5 11. Be3 Nd7 12. c3 Qc7 13. Rad1 b5 14. g4 Nb6 15. d5 Bb7 16. Ng3 Rad8 17. f5 Nc4 18. Bc1 Ne5 19. Nxe5 Bxe5 20. Bh6 Bg7 21. Bxg7 Kxg7 22. Qf3 c4 23. h4 f6 24. Ne2 Qc5+ 25. Kh2 Bc8 26. Nd4 Bd7 27. Rd2 a5 28. g5 Rf7 29. Rg2 Rdf8 30. Ne6+ 1-0